<?xml version="1.0" encoding="UTF-8"?>
<record
    xmlns:xsi="http://www.w3.org/2001/XMLSchema-instance"
    xsi:schemaLocation="http://www.loc.gov/MARC21/slim http://www.loc.gov/standards/marcxml/schema/MARC21slim.xsd"
    xmlns="http://www.loc.gov/MARC21/slim">

  <leader>00872nam a22002417a 4500</leader>
  <controlfield tag="001">3645</controlfield>
  <controlfield tag="003">FISKH</controlfield>
  <controlfield tag="005">20240402113949.0</controlfield>
  <controlfield tag="008">240402b        cb ||||| |||| 00| 0 eng d</controlfield>
  <datafield tag="040" ind1=" " ind2=" ">
    <subfield code="a">FISK </subfield>
    <subfield code="b">eng </subfield>
    <subfield code="c">FISK </subfield>
    <subfield code="d">FISK </subfield>
  </datafield>
  <datafield tag="050" ind1=" " ind2=" ">
    <subfield code="a">PZ7.S6984 </subfield>
  </datafield>
  <datafield tag="082" ind1=" " ind2=" ">
    <subfield code="a">305 </subfield>
  </datafield>
  <datafield tag="100" ind1=" " ind2=" ">
    <subfield code="a">Sonnenblick Jordan  </subfield>
    <subfield code="d">1969- </subfield>
  </datafield>
  <datafield tag="245" ind1=" " ind2=" ">
    <subfield code="a">After ever after / </subfield>
    <subfield code="c">Jordan Sonnenblick </subfield>
  </datafield>
  <datafield tag="260" ind1=" " ind2=" ">
    <subfield code="a">New York : </subfield>
    <subfield code="b">Scholastic, </subfield>
    <subfield code="c">2010 </subfield>
  </datafield>
  <datafield tag="300" ind1=" " ind2=" ">
    <subfield code="a">260 pages : </subfield>
    <subfield code="c">19 cm </subfield>
  </datafield>
  <datafield tag="505" ind1=" " ind2=" ">
    <subfield code="a">O </subfield>
  </datafield>
  <datafield tag="520" ind1=" " ind2=" ">
    <subfield code="a">Although Jeff and Tad, encouraged by a new friend, Lindsey, make a deal to help one another overcome aftereffects of their cancer treatments in preparation for eighth-grade graduation, Jeff still craves advice from his older brother Stephen, who is studying drums in Africa. </subfield>
  </datafield>
  <datafield tag="521" ind1="8" ind2=" ">
    <subfield code="a">820 </subfield>
    <subfield code="b">Lexile </subfield>
  </datafield>
  <datafield tag="700" ind1=" " ind2=" ">
    <subfield code="a">Jordan Sonnenblick </subfield>
  </datafield>
  <datafield tag="942" ind1=" " ind2=" ">
    <subfield code="2">ddc</subfield>
    <subfield code="c">BK</subfield>
    <subfield code="n">0</subfield>
  </datafield>
  <datafield tag="999" ind1=" " ind2=" ">
    <subfield code="c">3645</subfield>
    <subfield code="d">3645</subfield>
  </datafield>
  <datafield tag="952" ind1=" " ind2=" ">
    <subfield code="0">0</subfield>
    <subfield code="1">0</subfield>
    <subfield code="2">ddc</subfield>
    <subfield code="4">0</subfield>
    <subfield code="7">0</subfield>
    <subfield code="8">FIC</subfield>
    <subfield code="a">001</subfield>
    <subfield code="b">001</subfield>
    <subfield code="c">SBS</subfield>
    <subfield code="d">2024-04-02</subfield>
    <subfield code="l">1</subfield>
    <subfield code="o">SON PZ7.S6984 305 </subfield>
    <subfield code="p">2024-0445</subfield>
    <subfield code="r">2025-05-29 08:40:53</subfield>
    <subfield code="s">2025-05-08</subfield>
    <subfield code="t">1</subfield>
    <subfield code="w">2024-04-02</subfield>
    <subfield code="y">BK</subfield>
  </datafield>
  <datafield tag="952" ind1=" " ind2=" ">
    <subfield code="0">0</subfield>
    <subfield code="1">0</subfield>
    <subfield code="2">ddc</subfield>
    <subfield code="4">0</subfield>
    <subfield code="7">0</subfield>
    <subfield code="8">FIC</subfield>
    <subfield code="a">001</subfield>
    <subfield code="b">001</subfield>
    <subfield code="c">SBS</subfield>
    <subfield code="d">2024-06-10</subfield>
    <subfield code="l">0</subfield>
    <subfield code="o">SON PZ7.S6984 305 </subfield>
    <subfield code="p">2024-0856</subfield>
    <subfield code="r">2024-06-10 13:01:46</subfield>
    <subfield code="t">2</subfield>
    <subfield code="w">2024-06-10</subfield>
    <subfield code="y">BK</subfield>
  </datafield>
</record>
